ARRUPE JESUIT UNIVERSITY

CORONAVIRUS -STOP THE SPREAD - CLEAN,DISINFECT,COVER

Tutu as i know him (Record no. 129974)

MARC details
000 -LEADER
fixed length control field 00473nam a22001337a 4500
008 - FIXED-LENGTH DATA ELEMENTS--GENERAL INFORMATION
fixed length control field 191112b ||||| |||| 00| 0 eng d
050 ## - LIBRARY OF CONGRESS CALL NUMBER
Classification number PR9369.3.G6
Item number T46
245 ## - TITLE STATEMENT
Title Tutu as i know him
Remainder of title on a personal note
Statement of responsibility, etc Compiled and edited by Lavinia Crawford-Browne
260 ## - PUBLICATION, DISTRIBUTION, ETC. (IMPRINT)
Place of publication, distribution, etc South Africa
Name of publisher, distributor, etc random House
Date of publication, distribution, etc 2010
300 ## - PHYSICAL DESCRIPTION
Extent 224p. ;
Dimensions 23cm.
600 ## - SUBJECT ADDED ENTRY--PERSONAL NAME
Personal name Gordimer, Nadine
9 (RLIN) 48517
650 ## - SUBJECT ADDED ENTRY--TOPICAL TERM
Topical term or geographic name as entry element Women authors
General subdivision Biography
Chronological subdivision 20th Century
Geographic subdivision South Africa
9 (RLIN) 48518
942 ## - ADDED ENTRY ELEMENTS (KOHA)
Source of classification or shelving scheme Library of Congress Classification
Item type Monograph ( Printed materials)
Holdings
Withdrawn status Lost status Source of classification or shelving scheme Damaged status Not for loan Collection code Home library Current library Shelving location Date acquired Total Checkouts Full call number Barcode Date last seen Price effective from Koha item type
    Library of Congress Classification     Main Collection ARRUPE LIBRARY ARRUPE LIBRARY Main Collection 12/11/2019   PR9369.3.G6 T46 46600005751 12/11/2019 12/11/2019 Monograph ( Printed materials)

 

Arrupe Library. PO Box MP320 Mt Pleasant, Harare, Zimbabwe
263 242 745411|librarian@aju.ac.zw